Test de Rapidité - Lettre "B" - Statistiques

Statistiques générales
  • Ce quiz a été pris 2 020 fois
  • Le résultat moyen est 92 sur 100
Statistiques - réponses
Lettre "B" % Correct
B
100%
B
100%
B
99%
B
99%
B
99%
B
99%
B
99%
B
99%
B
98%
B
98%
B
98%
B
98%
B
98%
B
98%
B
98%
B
98%
B
98%
B
98%
B
98%
B
98%
B
98%
B
98%
B
98%
B
97%
B
97%
B
97%
B
97%
B
97%
B
97%
B
96%
B
96%
B
96%
B
96%
B
96%
B
96%
B
96%
B
96%
B
96%
B
96%
B
96%
B
96%
B
96%
B
96%
B
96%
B
96%
B
96%
B
96%
B
96%
B
95%
B
95%
B
95%
B
95%
B
95%
B
95%
B
95%
B
95%
B
95%
B
95%
B
94%
B
94%
B
94%
B
94%
B
94%
B
94%
B
93%
B
93%
B
93%
B
93%
B
92%
B
92%
B
92%
B
91%
B
91%
B
91%
B
90%
B
90%
B
89%
B
89%
B
88%
B
87%
B
87%
B
86%
B
86%
B
85%
B
84%
B
84%
B
83%
B
82%
B
81%
B
80%
B
80%
B
79%
B
78%
B
78%
B
76%
B
75%
B
73%
B
72%
B
71%
B
70%
Aucun quiz correspondant
Distribution des résultats
% des personnes avec chaque résultat
Percentile par nombre de réponses
Votre historique - résultats
Vous n’avez pas pris ce quiz